000 00934aam a2200313 i 4500
001 768714001
003 CO-MdFUSB
005 20210405111014.0
007 ta
008 200519t1971 enk |||| |||| 00| 0 eng d
020 _a0370013654
040 _bspa.
_aCO-MdFUSB
_cCO-MdFUSB
_dCO-MdFUSBC
_erda
041 _aeng
082 _223
_a860
_bC346
100 _aCastañeda, Carlos.
_eautor
245 1 0 _aA separate reality :
_bfurther conversations with Don Juan
_c/ Carlos Castaneda
264 1 _aLondres :
_b The Bodley Head,
_c[1971]
264 4 _c© 1971
300 _a315 páginas
_c; 23 cm
336 _atexto
_btxt
_2rdacontent
337 _2rdamedia
_asin mediación
_bn
338 _2rdacarrier
_avolumen
_bnc
505 _aParte uno: los preliminares de "ver" Parte dos: La tarea de ver
563 _aPasta dura
650 7 _9388
_aReligión y cultura
942 _cBK
945 _aJTF-925
999 _c46280
_d46280